000 01163nam0a22003011 4500
001 v19\rc\1761029
005 20250619120200.0
035 _a(NLR Aleph) 004896369
090 _a5325938
_c5325938
100 _a20061204e19031903|||y0rusy50 ca
101 0 _arus
102 _aRU
105 _ay z |||||
200 1 _aНовые закаспийские виды подсемейства Agathidinae (Hymenoptera, Braconidae)
_f[Соч.] Никиты Кокуева
210 _a[Санкт-Петербург]
_cтип. Имп. Акад. наук
_d[1903]
215 _a8 с.
_d24
309 _aБез тит. л. и обл.
311 _aИз "Horae Societatis entomologicae rossicae", т. 36, mars 1903, с. 240-247
488 0 _12001#$aHorae Societatis entomologicae rossicae$v1903, mars, т. 36
_1215##$aС. 240-247
_tHorae Societatis entomologicae rossicae
700 1 _aКокуев
_bН.Р.
_f1848-1914
_gНикита Рафаилович
801 0 _aRU
_bNLR
_gpsbo
801 0 _aRU
_bRuMoRGB
_2psbo
801 1 _aRU
_bProSoft-M
_2rusmarc
852 _aNLR
_j34.52.3.1540
899 _aRuMoRGB
_jU 426/1241
899 _aБАН
942 _cBOOK
980 _aNB